000
00479nam a2200169Ia 4500
008
090711s9999 xx 000 0 und d
082
_b
66344
100
_a
मेहता शशिकला
245
_a
सांगुकुणा
260
_c
1979
300
_a
184
600
_a
मेहता शशिकला
630
_a
सांगुकुणा
700
_a
मेहता शशिकला
730
_a
सांगुकुणा
942
_c
BOOK
999
_c
300862
_d
300862